Top 200 Fantasy NHL Player Rankings (2025-26) - Statistics

General Stats
  • This quiz has been taken 150 times
  • The average score is 111 of 200
Answer Stats
# Answer Pos. Team % Correct
2. Connor McDavid F EDM
98%
1. Nathan MacKinnon F COL
98%
4. Leon Draisaitl F EDM
96%
3. Nikita Kucherov F TBL
96%
8. Cale Makar D COL
94%
34. Jack Hughes F NJD
94%
12. Quinn Hughes D MIN
94%
7. David Pastrnak F BOS
93%
16. Brady Tkachuk F OTT
91%
5. Macklin Celebrini F SJS
91%
45. Matthew Tkachuk F FLA
91%
6. Jack Eichel F VGK
89%
9. Kirill Kaprizov F MIN
89%
24. Evan Bouchard D EDM
87%
11. Jason Robertson F DAL
87%
14. Andrei Vasilevskiy G TBL
85%
22. Connor Hellebuyck G WPG
85%
10. Mikko Rantanen F DAL
85%
30. Sidney Crosby F PIT
85%
33. Artemi Panarin F LAK
83%
21. Auston Matthews F TOR
83%
18. Kyle Connor F WPG
83%
40. Logan Thompson G WSH
83%
20. Mark Stone F VGK
83%
19. Martin Necas F COL
83%
17. Matt Boldy F MIN
83%
31. Nick Suzuki F MTL
83%
26. Tage Thompson F BUF
83%
13. Zach Werenski D CBJ
83%
36. Cole Caufield F MTL
81%
23. Ilya Sorokin G NYI
81%
27. Zach Hyman F EDM
81%
29. Brandon Hagel F TBL
80%
35. Connor Bedard F CHI
80%
42. Lane Hutson D MTL
80%
61. Mitch Marner F VGK
80%
38. Sam Reinhart F FLA
80%
56. Sebastian Aho F CAR
80%
79. Alex Ovechkin F WSH
78%
51. Dylan Larkin F DET
78%
47. Seth Jarvis F CAR
78%
46. Tim Stützle F OTT
78%
44. William Nylander F TOR
78%
60. Will Smith F SJS
78%
15. Wyatt Johnston F DAL
78%
146. Erik Karlsson D PIT
76%
48. Lucas Raymond F DET
76%
112. Victor Hedman D TBL
76%
28. Alex DeBrincat F DET
74%
41. Jake Oettinger G DAL
74%
57. Clayton Keller F UTA
72%
32. Mark Scheifele F WPG
72%
74. Rasmus Dahlin D BUF
72%
68. Roope Hintz F DAL
70%
94. Brad Marchand F FLA
69%
67. Filip Forsberg F NSH
69%
39. Jake Guentzel F TBL
69%
72. Joel Eriksson Ek F MIN
69%
49. Kirill Marchenko F CBJ
69%
50. Mika Zibanejad F NYR
69%
55. Scott Wedgewood G COL
69%
78. Evgeni Malkin F PIT
67%
25. Jakob Chychrun D WSH
67%
110. John Carlson D WSH
67%
75. Roman Josi D NSH
67%
87. Andrei Svechnikov F CAR
65%
64. Bo Horvat F NYI
65%
106. Dylan Strome F WSH
65%
73. Jake Sanderson D OTT
65%
114. Jeremy Swayman G BOS
65%
53. J.T. Miller F NYR
65%
54. Mackenzie Blackwood G COL
65%
136. Patrick Kane F DET
65%
96. Ryan Nugent-Hopkins F EDM
65%
71. Adrian Kempe F LAK
63%
86. Juraj Slafkovsky F MTL
63%
37. Cutter Gauthier F ANA
61%
105. Elias Pettersson F VAN
61%
98. Miro Heiskanen D DAL
61%
80. Sam Bennett F FLA
61%
70. Travis Konecny F PHI
61%
130. Brock Faber D MIN
59%
107. Mathew Barzal F NYI
59%
81. Morgan Geekie F BOS
59%
116. Sergei Bobrovsky G FLA
59%
90. Steven Stamkos F NSH
59%
52. Tom Wilson F WSH
59%
65. Alex Tuch F BUF
57%
156. Anthony Cirelli F TBL
57%
132. Charlie McAvoy D BOS
57%
43. Darren Raddysh D TBL
57%
99. John Tavares F TOR
57%
167. Linus Ullmark G OTT
57%
111. Matthew Schaefer D NYI
57%
97. Moritz Seider D DET
57%
108. Trevor Zegras F PHI
57%
58. Dylan Guenther F UTA
56%
109. Josh Morrissey D WPG
56%
157. Quinton Byfield F LAK
56%
59. Brock Nelson F COL
54%
91. Bryan Rust F PIT
54%
66. Drake Batherson F OTT
54%
83. Filip Gustavsson G MIN
54%
117. Ivan Demidov F MTL
54%
101. Jesper Bratt F NJD
54%
82. John Gibson G DET
54%
95. Nico Hischier F NJD
54%
170. Rasmus Andersson D VGK
54%
113. Darcy Kuemper G LAK
52%
158. Nazem Kadri F CGY
52%
62. Pavel Dorofeyev F VGK
52%
192. Darnell Nurse D EDM
50%
120. Matthew Knies F TOR
50%
77. Ryan O'Reilly F NSH
50%
169. Shea Theodore D VGK
50%
92. Adam Fantilli F CBJ
48%
195. Stuart Skinner G PIT
48%
103. Vincent Trocheck F NYR
48%
115. Alex Lyon G BUF
46%
104. Anton Lundell F FLA
46%
171. Claude Giroux F OTT
46%
154. Jesper Wallstedt G MIN
46%
122. Jordan Kyrou F STL
46%
69. Nick Schmaltz F UTA
46%
164. Thomas Harley D DAL
46%
155. Adin Hill G VGK
44%
128. Artturi Lehkonen F COL
44%
84. Brandon Bussi G CAR
44%
134. Dougie Hamilton D NJD
44%
182. Jakub Dobes G MTL
44%
89. Jared McCann F SEA
44%
85. Karel Vejmelka G UTA
44%
168. Lukas Dostal G ANA
44%
125. Matt Duchene F DAL
44%
124. Nikolaj Ehlers F CAR
44%
144. Noah Dobson D MTL
44%
184. Thomas Chabot D OTT
44%
145. Vince Dunn D SEA
44%
135. William Eklund F SJS
44%
102. Dylan Cozens F OTT
43%
147. Mason McTavish F ANA
43%
140. Mats Zuccarello F MIN
43%
133. Mikhail Sergachev D UTA
43%
100. Timo Meier F NJD
43%
148. Troy Terry F ANA
43%
88. Gabriel Vilardi F WPG
41%
138. Jordan Eberle F SEA
41%
153. Spencer Knight G CHI
41%
63. Tomas Hertl F VGK
41%
139. Tyler Toffoli F SJS
41%
142. Jackson LaCombe D ANA
39%
196. Joseph Woll G TOR
39%
119. Matty Beniers F SEA
39%
151. Pavel Zacha F BOS
39%
129. Valeri Nichushkin F COL
39%
161. Aliaksei Protas F WSH
37%
93. Carter Verhaeghe F FLA
37%
166. Joey Daccord G SEA
37%
163. MacKenzie Weegar D CGY
37%
189. Matvei Michkov F PHI
37%
118. Beckett Sennecke F ANA
35%
172. Ivan Barbashev F VGK
35%
76. Rickard Rakell F PIT
35%
141. Mikael Granlund F ANA
33%
185. Oliver Kapanen F MTL
33%
162. Sean Monahan F CBJ
33%
181. Jet Greaves G CBJ
31%
150. JJ Peterka F UTA
31%
190. Ryan Leonard F WSH
31%
131. Shayne Gostisbehere D CAR
31%
175. Boone Jenner F CBJ
30%
143. Brandon Montour D SEA
30%
183. Brandt Clarke D LAK
30%
159. Charlie Coyle F CBJ
30%
137. Elias Lindholm F BOS
30%
178. Frank Nazar F CHI
30%
186. Jack Quinn F BUF
30%
149. Josh Doan F BUF
30%
173. Tyler Bertuzzi F CHI
30%
180. Vladimir Tarasenko F MIN
30%
176. Anders Lee F NYI
28%
160. Fraser Minten F BOS
28%
191. Jacob Trouba D ANA
28%
126. Mason Marchment F CBJ
28%
127. Owen Tippett F PHI
28%
179. Ryan Hartman F MIN
28%
193. Anthony Mantha F PIT
26%
199. Pavel Buchnevich F STL
26%
194. Bobby McMann F TOR
24%
177. Viktor Arvidsson F BOS
24%
174. Will Cuylle F NYR
24%
152. Jake DeBrusk F VAN
22%
187. Justin Sourdif F WSH
20%
165. Mattias Samuelsson D BUF
20%
200. Alex Laferriere F LAK
19%
123. Egor Chinakhov F PIT
19%
121. Kiefer Sherwood F SJS
19%
197. Barrett Hayton F UTA
11%
188. Eeli Tolvanen F SEA
11%
198. Sam Rinzel D CHI
9%
No matching quizzes found
Score Distribution
Percent of People with Each Score
Percentile by Number Answered
Your Score History
You have not taken this quiz